Culture Générale - Série 2670 - Statistiques

Statistiques générales
  • Ce quiz a été pris 78 fois
  • Le résultat moyen est 5 sur 10
Statistiques - réponses
Question Réponse % Correct
Qui a écrit "L'assommoir" en 1877 ? prénom et nom Emile Zola
88%
Une personne indésirable est désignée par la locution latine "persona non ... grata
82%
Dans quelle ville de France a eu lieu la révolte des canuts (soulèvements ouvriers en 1831 puis 1834 et 1848) ? Lyon
62%
A quel pays est associé le parti politique appelé "les Farcs" ? Colombie
55%
Qui a écrit "Le discours de la méthode" en 1637 ? prénom et nom René Descartes
51%
En France, en quelle année a été fondé le Front National (FN) ? 1972
49%
Quel est le nom courant de la maladie "influenza" ? grippe
48%
A quel pays est associé le parti politique appelé "likoud" ? Israël
48%
Quel est l'autre nom du gros intestin ? côlon
41%
Comment appelle-t-on la répétition de mots ayant le même sens ? pléonasme
23%
Aucun quiz correspondant
Distribution des résultats
% des personnes avec chaque résultat
Percentile par nombre de réponses
Votre historique - résultats
Vous n’avez pas pris ce quiz